000 00234nam a2200109Ia 4500
008 240625s9999 xx 000 0 und d
041 _aeng
082 _a346.07 SHE
100 _aSHETH TEJPAL
245 _aBUSINESS LAW
260 _c2012
999 _c39139
_d39139